[Event "Asia-chT 18th"]
[Site "Tabriz"]
[Date "2014.05.25"]
[Round "5.2"]
[White "Wei, Yi"]
[Black "Negi, Parimarjan"]
[Result "1/2-1/2"]
[WhiteElo "2634"]
[BlackElo "2643"]
[Annotator "Negi,P"]
[PlyCount "140"]
[EventDate "2014.05.22"]
[EventType "team-tourn"]
[EventRounds "9"]
[EventCountry "IRI"]
[SourceTitle "CBM 161"]
[Source "ChessBase"]
[SourceDate "2014.07.16"]
[SourceVersion "1"]
[SourceVersionDate "2014.07.16"]
[SourceQuality "1"]
[WhiteTeam "China"]
[BlackTeam "India"]
[WhiteTeamCountry "CHN"]
[BlackTeamCountry "IND"]

1. e4 e5 2. Bc4 {Popularly used to avoid the Petroff, but Wei Yi seems to like
switching between various non Spanish variations in order to avoid theoretical
lines...} Nf6 3. d3 Nc6 (3... c6 {is the obvious extra option allowed by this
move order, and while there is nothing objectively wrong with it, I felt more
like developing my pieces:)}) 4. Nf3 {This was rather surprising - if he
wanted to play the closed Italian then why not simply play from the 2.Nf3 move
order?} (4. Nc3 {is what I was expecting since he has played it before as well.
Now after} Na5 {Black manages to get the bishop pair, and we get a special
type of structure after dxc4, and a long strategic fight.}) 4... Be7 5. O-O O-O
6. Re1 d6 7. a4 Kh8 $5 (7... Na5 8. Ba2 c5 {is a more stable alternative, but
I was in the mood of something more enterprising. Besides, I wanted to test
him in more forcing variations...}) 8. Nc3 ({The inclusion of} 8. a5 a6 {
shouldn't make much difference.} 9. Nc3 {can still be met by} Bg4 10. h3 Bh5
11. Nd5 (11. g4 $2 Nxg4 $1 12. hxg4 Bxg4 13. Be3 Qd7 14. Nb1 f5 15. Bd5 fxe4
16. Bxe4 d5 17. Nbd2 dxe4 18. dxe4 Bxf3 19. Nxf3 Qg4+ 20. Kf1 Rxf3 {0-1 (20)
Rendle,T (2400)-Tissir,M (2474) England 2011}) (11. Be3 Nd4 $1 {remains
similar to my game}) 11... Nxd5 12. Bxd5 Nxa5 $1 13. g4 Bg6 14. d4 f6 {an
interesting position. At first Black's position looks fine but perhaps White's
play could be improved upon in the following game:} 15. Nh4 Be8 16. Nf5 Nc6 17.
c3 Qd7 18. Be3 Nd8 19. Qd2 Bf7 20. c4 c6 21. Bxf7 Nxf7 $15 {1/2-1/2 (36)
Womacka,M (2427)-Nemcova,K (2261) Teplice 2012}) (8. c3 Ng8 9. d4 f5 $1 10.
dxe5 fxe4 11. Rxe4 Rxf3 $1 {is a rather famous line by now.} 12. gxf3 (12. Qxf3
d5 $1 $15) 12... Nxe5 13. Rxe5 dxe5 14. Qxd8 Bxd8 15. Nd2 Nf6 16. Ne4 Nxe4 17.
fxe4 Bg4 $11 {1/2-1/2 (21) Fedorchuk,S (2635)-Giri,A (2722) Germany 2012}) 8...
Bg4 $5 9. h3 Bh5 10. Be3 ({During the game, I thought} 10. Bg5 $5 {might be an
interesting idea.} h6 (10... Nd7 11. Be3 $1 $14) 11. Bxf6 Bxf6 12. g4 Bg6 13.
Nd5 Nb8 {but maybe Black is doing quite alright.}) 10... Nd4 $5 $146 {A very
obvious novelty... my opponent responded rather quickly with} 11. g4 $2 {
I can't imagine what he expected me to play - since this just forces me to
sacrifice on g4.... after which he lapsed into nearly an hour's long period of
thought.} (11. Bxd4 exd4 12. Nd5 (12. Nb1 Bxf3 13. Qxf3 c6 $5 $11 {/\ d5...Bb4.
}) 12... Nxd5 (12... Bxf3 13. Qxf3 Nd7 {seemed somewhat better during the game.
} 14. Nxe7 (14. Qe2 Bg5 $11) 14... Qxe7 15. Qg3 (15. Ba2 a5 $11) 15... a5 (
15... Rae8 16. f4 a5 17. Qf2 Qf6 18. g4 $14) 16. f4 {seems more pleasant for
White.}) 13. Bxd5 {was interesting... somehow during the preparation I had
under-estimated this, but I wasn't too sure about which setup to play here in
the game:} c6 14. Bb3 Bxf3 (14... Bf6 15. g4 {seems scary for Black}) 15. Qxf3
Bf6 {and Black has a solid position, but it's easy to realise during the game
that White's position is more pleasant.}) 11... Nxg4 $1 12. Nxd4 $5 {Of course
it's not a great move... but it's easier to play than the scary looking
positions after hxg4, especially against a prepared opponent.} (12. hxg4 Bxg4
13. Bxd4 exd4 {is of course the critical line, but it only begins to look
dangerous for White.} 14. Nb5 {basically, every move gives Black excellent
compensation.} (14. Nd5 Bg5 $1 $17) 14... d5 $5 (14... c5 $44) 15. exd5 Bc5 $36
) 12... Nxe3 13. Qxh5 Nxc4 (13... g6 {was a possible intermediate move, but I
didn't see the point.}) 14. dxc4 exd4 15. Ne2 Bf6 16. Rad1 Qe8 $5 (16... c5 {
I became worried that after} 17. Nf4 {and Nd5, White might suddenly get
excellent compensation.}) 17. Nxd4 Bxd4 {I thought getting rid of the knight
removes any chance of counterplay from his position... at the same time it
gives him better drawing chances with a passive setup as well. Objectively
perhaps ...Qxa4 was better, but it wasn't an easy decision in my opinion:} (
17... Qxa4 18. b3 Qd7 (18... Qa2 $5) 19. Nf3 g6 20. Qh6 $17) 18. Rxd4 Qxa4 19.
b3 Qa2 20. Qd5 $1 {White manages to get excellent counterplay with this and
create a mess.} ({I had expected} 20. Rd2 Rae8 21. Qd5 b6 {when I have an
excellent position.}) 20... Qxc2 21. Qxb7 Qc3 $1 {The computer isn't very
impressed, but practically, of course I had to go for the h3-pawn...} 22. Red1
Qxh3 23. Qxc7 Qg4+ {An annoying move in time pressure. Otherwise White would
have defended with R1d3-Rg3...} 24. Kf1 ({Amazingly enough, White could
actually defend with} 24. Kh1 $1 {since} f5 {there are better moves according
to the computer, but it doesn't seem as easy as I thought at all.} 25. Qxd6 {
doesn't promise Black all that much since it's impossible to lift the rook to
the kingside on time.}) 24... f5 $1 {Now this is strong. I felt White's
position wass absolutely collapsing... but it seems I under-estimated his
chances after the sacrifice of another pawn:} 25. e5 Qh3+ 26. Ke2 dxe5 27. Rd8
(27. Rg1 $1 {Amazingly, I didn't realise that the position is still insanely
complicated - rather than me being on the verge of winning:} Qh5+ 28. Ke1 Rg8
29. Rd7 Qh6 (29... Rac8 30. Rdxg7 $1 $16) 30. Kd1 {and even though Black is of
course better... it's a strangely complicated position.}) 27... Qg4+ (27...
Qxb3 {somehow I forgot about this move, but I am not sure if Black can win
after} 28. Rxf8+ Rxf8 29. Rd8 Qc2+ 30. Kf1 Qc1+ 31. Ke2 Kg8 32. Rxf8+ Kxf8 33.
c5 {and the perpetual checks are always hanging in the air...}) 28. Kf1 (28.
Ke1 $5 {would have been a tougher defence. I wasn't yet sure of what to do
since ...h5 doesn't work as well here due to the e1-king defending the d1-rook
- thus allowing Rxa8.} Qe4+ (28... h5 29. Rxa8 Qe4+ 30. Kf1 Rxa8 31. Rd7 (31.
Rd8+ Rxd8 32. Qxd8+ Kh7 33. Qg5 {not so easy to convert}) 31... Rg8 32. Rd5 {
with excellent chances to draw.}) 29. Kf1 h6 $5 {was my plan eventually, and
maybe it is even an excellent practical try since it's not easy to decide for
Black.} 30. Rxa8 Rxa8 31. Rd5 (31. Rd8+ Rxd8 32. Qxd8+ Kh7) 31... Re8 $17)
28... h5 $1 {Since Rxa8 isn't possible.} 29. Rxf8+ Rxf8 30. Rd3 $1 {Amazingly
he found this resource with almost no time on the clock.} (30. Rd8 Rxd8 31.
Qxd8+ Kh7 32. c5 {will just run into a mating net after} h4 33. c6 h3 34. c7 h2
35. Qd5 e4 36. c8=Q h1=Q#) 30... f4 {The only way.} 31. Qxe5 f3 32. Rd6 $1 {
Another amazing resource... at one point I had nearly an hour more, but my
time was fast approaching the last minutes as well.} (32. Qe3 Rf4 $1 {would
finish the game.}) 32... Kh7 {Again, the only way forward.} (32... Qg2+ 33. Ke1
Qg1+ 34. Kd2 Qxf2+ 35. Kc3 {Amazingly, there are no checks now, and it's
impossible to avoid a perpetual check.}) 33. Rd4 $1 {These only moves were
beginning to infuriate me... but after seeing my next moves I thought I had
finally found a win to finish things off:} Qg2+ (33... Qg6 34. Qe4 {is very
drawish.}) 34. Ke1 Qg6 $1 {Since Qe4 isn't possible here.} (34... Qg1+ 35. Kd2
Qxf2+ 36. Kc3 {is messy.}) 35. Rd7 {Another, seemingly, only move!} (35. Kd2
Re8 36. Qd5 Re2+ 37. Kc3 Rxf2 38. Rf4 $1 {is some insane computer defence, but
I wouldn't imagine any human considering this playable for White.}) 35... h4
36. Kd2 h3 {Things began to look smooth for me now, I really couldn't see any
counter for him...} 37. Rd6 Rf6 38. c5 $5 ({Unfortunately, I spent all my time
calculating} 38. Rxf6 Qxf6 39. Qh2 Qe6 $5 {and Black should be able to win
eventually.}) 38... Qh6+ 39. Kc2 {Now, with my clock running out, I panicked
and did not play the natural h2.} Qg6+ (39... h2 $1 {Alas, just one more
accurate move was required...the point is that after} 40. Rxf6 gxf6 41. Qc7+
Kg6 42. Qg3+ Kf5 43. Qxf3+ {White seems to get a lot of checks, but Black will
find a safe haven on the queenside:} Qf4 44. Qh5+ Ke6 45. Qe8+ Kd5 46. Qd7+
Kxc5 47. Qc8+ Kb6 48. Qe6+ Kc7 49. Qf7+ Kd6 50. Qf8+ Kc6 $1 51. Qe8+ Kb7 $19)
40. Kd2 {He returns the favour.} (40. Kb2 $1 {I just couldn't find a way to
continue.}) 40... Rf5 {I suddenly decided that I had excellent winning chances
in the endgame... but that is of course very hard to figure out with no time
left:} 41. Rxg6 Rxe5 42. Rg3 $1 Rh5 43. c6 h2 44. c7 Rc5 (44... h1=Q $1 {
would have led to a very exciting line, but I was too tired to calculate it
till the end:} 45. c8=Q Rd5+ 46. Ke3 Qe1+ 47. Kxf3 Qh1+ $1 {the move which I
obviously missed.} 48. Ke3 (48. Rg2 Qd1+ $1 49. Kf4 g5+ $1 50. Rxg5 Qd2+ $19)
48... Re5+ $1 49. Kd4 $1 Qe4+ 50. Kc3 Qe1+ 51. Kd4 Qxf2+ 52. Kxe5 Qxg3+ 53. Ke4
Qxb3 {this should be practically winning...}) 45. Rh3+ Kg6 46. Rxh2 Rxc7 47.
Rh3 Rf7 48. Kd3 $1 (48. Ke3 Rb7 $1 {would be suffering.}) 48... Rf4 49. Rh1 Rb4
50. Ra1 $1 {The simplest. It's impossible to win this position since my pieces
are too passive. The rest of the game was quite uneventful:} (50. Kc3 Re4 51.
Rh3 Rf4 {and I was hoping to gain a move like this, although the computer
isn't impressed at all.}) 50... Rxb3+ 51. Ke4 Rb7 52. Kxf3 Kf5 53. Ra5+ Ke6 54.
Kg4 Kd6 55. f4 Kc6 56. Ra1 Kb5 57. Rb1+ Kc6 58. Ra1 Kb6 59. Rb1+ Kc7 60. Ra1
Kb8 61. Kh5 Rb2 62. f5 Rg2 63. Ra6 Rh2+ 64. Kg5 Rg2+ 65. Kh5 Rf2 66. Kg5 Kb7
67. Rg6 Rg2+ 68. Kh5 Rh2+ 69. Kg5 Rg2+ 70. Kh5 Rh2+ 1/2-1/2

[Event "Rohde op 07th"]
[Site "Sautron"]
[Date "2007.10.30"]
[Round "5"]
[White "Bojkov, Dejan"]
[Black "Delorme, Axel"]
[Result "1-0"]
[WhiteElo "2520"]
[BlackElo "2328"]
[Annotator "RR"]
[PlyCount "65"]
[EventDate "2007.10.27"]
[EventType "swiss"]
[EventRounds "9"]
[EventCountry "FRA"]
[SourceTitle "EXT 2008"]
[Source "ChessBase"]
[SourceDate "2007.11.25"]
[SourceVersion "1"]
[SourceVersionDate "2007.11.25"]
[SourceQuality "1"]

1. e4 e5 2. Nf3 Nc6 3. Bc4 Nf6 4. d3 (4. Ng5 d5 5. exd5 Na5) 4... Be7 (4... Bc5
{Plus courant}) 5. O-O O-O 6. Re1 d6 7. c3 (7. a4 h6 8. c3) 7... h6 (7... Na5 {
h6 est théoriquement moins bon que Na5}) 8. Nbd2 (8. Bb3 {[%cal Gb3c2] Evitant
Na5 pour garder la paire de B}) 8... Nh7 {[%cal Gh7g5]} (8... Na5 9. Bb5 a6 10.
Ba4 b5 11. Bc2 c5) 9. Bb3 (9. Nf1 Ng5 10. Ne3 {[%cal Ge3f5,Ge3d5]}) 9... Kh8 ({
RR} 9... Ng5 10. Nxg5 (10. h3) 10... Bxg5 11. Nc4 Be6 12. d4 Bxc4 13. Bxc4 Bxc1
14. Rxc1 Qf6 15. Bd5 Ne7 16. Bb3 Ng6 17. Qg4 Kh8 18. Qf5 Qe7 19. Rcd1 Rad8 20.
g3 a5 21. Kg2 Qe8 22. dxe5 a4 23. Bc2 Nxe5 24. f4 {Psakhis,L (2535)-Romanishin,
O (2580)/Lvov 1984/MCL/1-0 (57)}) 10. d4 Ng5 11. Nxg5 $6 $146 ({RR} 11. dxe5 {
RR} Bg4 12. exd6 Bxd6 13. Nc4 Bxf3 14. gxf3 Nh3+ 15. Kg2 Qh4 16. e5 Nxf2 17.
Qd5 Be7 18. Be3 Rad8 19. Qb5 Nd3 20. Re2 Bg5 21. Rf1 Ne7 22. Qxb7 Bxe3 23. Rxe3
Nf4+ 24. Kg1 Ned5 25. Qxa7 Qg5+ 26. Kf2 {Braun,M (2325)-Tseshkovsky,V (2505)/
Baden-Baden 1988/TD/0-1}) (11. h3) 11... Bxg5 {[%csl Gg5]} 12. Nc4 Bxc1 $11 13.
Rxc1 Qf6 (13... Qg5 $142 {[%cal Gc8h3,Gg5g2]}) 14. Ne3 Ne7 15. dxe5 dxe5 16.
Qh5 c6 {[%csl Rd6] Controle "d5" mais au détriment de l'affaiblissement de la
case "d6"} 17. Rcd1 Ng6 {[%csl Rf4][%cal Gg6f4]} 18. g3 Be6 $2 {Bizarement ce
coup naturel semble fautif а cause du clouage par Rd6} (18... Kh7) (18... a5)
19. Rd6 $1 {[%csl Re5,Rf6][%cal Ge1d1] Exploitant la petite imprécision du
16ème coup c6} Rad8 20. Red1 Kh7 21. Bxe6 Rxd6 22. Rxd6 fxe6 23. Rd2 Qe7 24.
Qd1 Rf7 25. h4 $16 Nf8 26. Qh5 Ng6 27. Qd1 $138 Nf8 28. Nc4 Qc5 29. Nd6 Rd7 30.
Qf3 Ng6 $2 31. b4 (31. h5) 31... Qb6 32. h5 Nh8 33. Qg4 {[%csl Re6]} 1-0

[Event "Geneva FIDE GP"]
[Site "Geneva"]
[Date "2017.07.10"]
[Round "5"]
[White "Hou, Yifan"]
[Black "Rapport, Richard"]
[Result "0-1"]
[WhiteElo "2666"]
[BlackElo "2694"]
[Annotator "Roiz,M"]
[PlyCount "88"]
[EventDate "2017.07.06"]
[EventType "swiss"]
[EventRounds "9"]
[EventCountry "SUI"]
[SourceTitle "CBM 180"]
[Source "ChessBase"]
[SourceDate "2017.09.13"]
[SourceVersion "1"]
[SourceVersionDate "2017.09.13"]
[SourceQuality "1"]

1. e4 Nc6 2. Nf3 e5 3. Bc4 Nf6 4. d3 h6 5. O-O d6 6. c3 g6 {Richard chooses a
somewhat risky, but less explored setup.} 7. Re1 ({More energetic is} 7. d4 $1
Qe7 (7... Bg7 8. dxe5 dxe5 9. Qxd8+ Nxd8 10. Nxe5 $16) 8. Re1 Bg7 9. Nbd2 O-O
10. h3 Kh8 11. a4 Bd7 12. a5 a6 13. Bd3 Rae8 14. Nf1 $14 {Radjabov,T - Amin,B
Doha QAT 2016}) 7... Bg7 8. h3 O-O 9. d4 {Now, when Black's development is
almost completed, this advance is less promising for White.} Nd7 $146 {
Transferring the knight to b6 is an interesting idea, but it yields White time
for consolidating the centre.} ({But} 9... Nxe4 $6 {is dubious:} 10. dxe5 Ng5
11. Bxg5 hxg5 12. e6 $16 {Andriasian,Z - Lomsadze,D Jermuk ARM 2012}) ({
However,} 9... exd4 {is safer:} 10. cxd4 d5 11. exd5 Ne7 12. Nc3 Nexd5 13. Ne5
c6 $11 {Antipov,M - Marholev,D Marianske Lazne CZE 2009}) 10. Na3 (10. Be3 $5 {
looked somewhat provocative, but inviting the knight to c4 is a typical idea
in the Ruy Lopez. The play might continue:} Nb6 11. Bb3 Na5 12. Bc2 Nac4 13.
Bc1 exd4 14. cxd4 c5 15. b3 cxd4 (15... Na5 16. Be3 $14) 16. bxc4 d3 17. Qxd3
Bxa1 18. Nc3 $36 {and White's initiative more than compensates for the
exchange.}) 10... Nb6 11. Bb5 ({Another natural retreat -} 11. Bb3 Re8 {
would more or less force White to release the tension in the centre, and after}
12. dxe5 Nxe5 13. Nxe5 Rxe5 14. Bf4 Re8 {Black is close to equalising.}) 11...
Bd7 12. Be3 $6 {Losing control over the e4-pawn could have invited some
troubles.} ({Instead, Hou Yifan should have played} 12. dxe5 Nxe5 13. Nxe5 dxe5
14. Bxd7 Nxd7 15. Be3 Qe7 16. Qb3 $14 {putting Black under some positional
pressure.}) 12... Kh7 $6 {Richard is returning the favour.} ({A stronger move
was} 12... f5 $1 13. Qb3+ Kh7 14. exf5 gxf5 15. dxe5 dxe5 {and the potential
play along the g-file might cause White definite problems.}) 13. dxe5 dxe5 14.
Nc4 Qe7 ({A more accurate try was} 14... Nxc4 15. Bxc4 Na5 16. Bd3 b6 17. Qe2
Qe7 $11) 15. a4 Rad8 16. Qe2 {In the resulting position with a symmetrical
pawn structure White's chances are preferable due to better coordination
between the pieces.} Nxc4 17. Qxc4 Qf6 18. Bxc6 {This ''greedy'' decision
changes the favourable course of game.} ({It was better to maintain the
tension by means of} 18. Qe2 a6 19. Bc4 Be6 20. b4 $14 {and Black is doomed to
a passive defence.}) 18... Qxc6 19. Qxc6 Bxc6 20. Bxa7 Rg8 $1 {It looks like
this strong move was underestimated by Hou Yifan. It turns out that Black is
able to push f7-f5 and activate both of his bishops.} 21. a5 (21. Bc5 b6 22.
Bb4 f5 23. a5 Bxe4 24. axb6 cxb6 25. Ra7 Rge8 26. c4 Kg8 27. Bc3 Bf6 $11) 21...
f5 22. exf5 gxf5 {Now most of Black's pieces are very active.} 23. Red1 $2 {
White cannot afford such a passive move.} ({In the event of} 23. Nxe5 Bxe5 24.
Rxe5 Rxg2+ 25. Kf1 Rd2 26. Re7+ Kg8 27. Rxc7 Rg6 $11 {Black would obtain
enough counterplay for a draw, but White had no reason for rejecting it.})
23... Ra8 ({Another move which was good enough was} 23... Rxd1+ $1 24. Rxd1 Bf6
25. Ne1 Ra8 26. Bc5 Rxa5 $17 {achieving a big positional advantage.}) 24. Be3
f4 25. Bd2 {A sad necessity - this is the only way to avoid a loss of material.
} Bf6 $1 {Now Black's pieces are dominating over the board.} ({Richard
correctly rejected} 25... e4 26. Ne1 Be5 27. c4 $1 Bxb2 28. Bxf4 Bxa1 29. Rxa1
$15 {and Black's material advantage doesn't guarantee anything yet.}) 26. Ne1
Rg7 $2 {This inaccurate move could have spoiled all the advantage!} ({The
correct way was} 26... Bxg2 27. Nxg2 f3 28. Be3 Rxg2+ 29. Kh1 Kg6 30. Rg1 Rxg1+
31. Kxg1 Kf5 $17 {and the activity of Black's king might become a decisive
factor.}) 27. c4 Rag8 ({In comparison to the above-mentioned note, now it's
too late for} 27... Bxg2 28. Nxg2 f3 29. Kh1 Rxg2 30. Bc3 $1 Rag8 (30... Kg6
31. Rg1 Rxg1+ 32. Kxg1 e4 33. Bxf6 Kxf6 34. b4 Ke5 35. Rd1 $11) 31. b4 $1 Bh4
32. Bxe5 Bxf2 33. Rd7+ Kg6 34. Bxc7 Kf5 35. Rf7+ Ke4 36. Rf4+ Ke3 37. Ra3+ Ke2
38. Ra2+ Kf1 39. Ra1+ Be1 40. Rxf3+ Ke2 41. Rxe1+ Kxf3 42. Rc1 $11) 28. Kf1 $2
{A decisive mistake.} (28. a6 $1 {White has missed a golden opportunity of
activating the pieces and saving half a point:} Bxg2 29. Nxg2 Rxg2+ 30. Kh1
bxa6 31. Rxa6 Bh4 32. Bc3 Bxf2 33. Bxe5 Rg1+ 34. Rxg1 Rxg1+ 35. Kh2 f3 36. Rf6
$11) 28... Bxg2+ 29. Nxg2 f3 $1 ({Of course, not} 29... Rxg2 $2 30. Ke2 Bh4 31.
Rf1 {and White's king is extremely safe.}) 30. Be3 e4 $1 {The last precise
move.} (30... Rxg2 31. Ke1 Kg6 32. Kd2 e4 33. a6 bxa6 34. Rxa6 Rd8+ 35. Kc2
Rxd1 36. Kxd1 Kf7 {was also winning, but the text is more convincing.}) 31. Ra3
Be5 (31... Bxb2 {was also good enough:} 32. Rb3 Be5 33. Rxb7 Kh8 $19) 32. Rb3
c6 {GM Rapport reasonably doesn't hurry.} 33. Bd4 fxg2+ 34. Kg1 Rd8 $19 {
The rest is easy.} 35. Rbd3 Rgd7 36. Bxe5 Rxd3 37. Re1 Rg8 38. h4 Rh3 39. Bh2
Rxh4 40. Rd1 Rg7 41. b4 e3 42. fxe3 Rxc4 43. Be5 Rgg4 44. Bd6 h5 0-1